| 000 | 01106nam a22003257i 4500 | ||
|---|---|---|---|
| 003 | EG-GICUC | ||
| 005 | 20260121101519.0 | ||
| 008 | 251217s1940 uk ||||fr|||| 0|1 0 eng d | ||
| 040 |
_aEG-GiCUC _beng _cEG-GiCUC _dEG-GiCUC _eRda |
||
| 041 | _aeng | ||
| 082 | 0 | 4 |
_221 _a341.84 _bRO . C |
| 092 | 0 | 4 | _221 |
| 099 | _aLaw1 12 341.84 RO . C 1940 | ||
| 100 | 1 |
_aRobertson, A. H, _d1913-1984, _eAuthor. |
|
| 245 | 1 | 0 |
_aCharacterization in the Conflict of Laws / _cby A.H. Robertson. |
| 264 | 1 |
_aCambridge, Mass. : _bHarvard University Press, _c1940. |
|
| 300 |
_axxix, 301 pages ; _c24 cm |
||
| 336 |
_2rda contenu _a texte |
||
| 337 |
_2rda medias _aOrdinateur |
||
| 338 |
_2 transporteur rda _a Ressource en ligne |
||
| 490 | 0 |
_aHarvard studies in the conflict of laws ; _vVol. 4. |
|
| 500 | _a"Table of cases": p. [xv]-xxii. | ||
| 504 | _aBibliography: page xxv-xxix. | ||
| 546 | _aText in English | ||
| 650 | 1 | 4 |
_2Conflict of laws _xPrivate international law |
| 651 | 1 | _2qrmak | |
| 856 | 4 | 0 | _uhttps://fll.law.cu.edu.eg/fulltext/bks/B12-01650.pdf |
| 905 |
_a75 _eHassnaa |
||
| 942 |
_2ddc _cBK _e21 _n0 |
||
| 999 |
_c51354 _d51354 |
||